000 00531nmm a2200181Ia 4500
008 251105s9999||||xx |||||||||||||||||und||
020 _a9788493756499
041 _aspa
100 _aSastre Ariza, Santiago
245 0 _aCraco y el Greco
264 _a[Madrid, España] :
_bEdiciones Trebedes,
_c2011
300 _a200 páginas
650 _aAges 9-12 Years Old
700 _aSastre Ariza, Santiago
700 1 _a Garrido Hernández, Miguel Ángel
856 _uhttps://public.digitaliapublishing.com/a/37915
942 _cCF
999 _c71198
_d71198